Redes CISCO (Record no. 154473)

MARC details
000 -LEADER
fixed length control field nam a22 7a 4500
005 - DATE AND TIME OF LATEST TRANSACTION
control field 20200224102902.0
008 - FIXED-LENGTH DATA ELEMENTS--GENERAL INFORMATION
fixed length control field 200224b mx ||||| |||| 00| 0 spa d
020 ## - INTERNATIONAL STANDARD BOOK NUMBER
International Standard Book Number 9786075382142
050 04 - LIBRARY OF CONGRESS CALL NUMBER
Classification number TK5105.8.C57
Item number P47 2018
100 1# - MAIN ENTRY--PERSONAL NAME
Personal name Pérez Torres, Daniel
245 10 - TITLE STATEMENT
Title Redes CISCO
Remainder of title : curso práctico de información para la certificación CCNA
Statement of responsibility, etc / Daniel Pérez Torres.
250 ## - EDITION STATEMENT
Edition statement 1a ed.
260 ## - PUBLICATION, DISTRIBUTION, ETC. (IMPRINT)
Place of publication, distribution, etc México :
Name of publisher, distributor, etc Alfaomega,
Date of publication, distribution, etc c2018
300 ## - PHYSICAL DESCRIPTION
Extent xviii, 592 p. :
Other physical details il. ;
Dimensions 23 cm.
504 ## - BIBLIOGRAPHY, ETC. NOTE
Bibliography, etc Incluye apéndice e índice
650 #7 - SUBJECT ADDED ENTRY--TOPICAL TERM
Source of heading or term lemb
Topical term or geographic name as entry element Redes de computadoras
Form subdivision Manuales de laboratorio
942 ## - ADDED ENTRY ELEMENTS (KOHA)
Source of classification or shelving scheme Biblioteca del Cogreso de los Estados Unidos
Koha item type Libro
Holdings
Estado de pérdida Fuente de clasificación Estado del daño No para préstamo Ubicación permanente Ubicación actual Apartado o colección Fecha de adquisición Fuente de adquisición Edición Área del conocimiento Clasificación Código de Barras Date last seen Número de copia Costo por reposición Tipo de recurso Total Checkouts Date checked out
  Biblioteca del Cogreso de los Estados Unidos     Biblioteca de la Facultad de Ingeniería Eléctrica Biblioteca de la Facultad de Ingeniería Eléctrica General 24/02/2020 Unidad Académica 1a ed. Ingeniería y Tecnología TK5105.8.C57 P47 2018 BIE000010209 24/02/2020 C:1 421.20 Libro    
  Biblioteca del Cogreso de los Estados Unidos     Biblioteca de la Facultad de Ingeniería Eléctrica Biblioteca de la Facultad de Ingeniería Eléctrica General 24/02/2020 Unidad Académica 1a ed. Ingeniería y Tecnología TK5105.8.C57 P47 2018 BIE000010210 25/08/2025 C:2 421.20 Libro 1 20/08/2025